[Event "ch-Paris op C"]
[Site "Paris (Halle Carpentier)"]
[Date "2008.07.02"]
[Round "5.48"]
[White "Tiberghien, Luc"]
[Black "Papazian, Arlette"]
[Result "1-0"]
[WhiteElo "1030"]
[BlackElo "1499"]
[PlyCount "111"]
[EventDate "2008.06.28"]

1. d4 d5 2. c4 dxc4 3. e4 Be6 4. Nf3 g6 5. d5 Bg4 6. Bxc4 h6 7. O-O Bg7 8. Re1
Nf6 9. Re3 O-O 10. Qc2 a6 11. Ne5 Bh5 12. Nc3 Ng4 13. Nxg4 Bxg4 14. Bd2 Bxc3
15. Rxc3 Bh5 16. Bxh6 Re8 17. Rd1 f6 18. d6+ Kh8 19. Bf7 g5 20. Bxe8 Bxe8 21.
dxc7 Qc8 22. cxb8=Q Qxb8 23. Re1 Bg6 24. Qd3 Kh7 25. Qh3 b5 26. Bxg5+ Kg7 27.
Rd3 Qc8 28. Qh6+ Kf7 29. Qh7+ Bxh7 30. Bh6 Kg6 31. Bd2 Kf7 32. e5 fxe5 33. Rxe5
Ra7 34. Rh3 Bg8 35. Bc3 Qd8 36. Rf3+ Ke8 37. h4 e6 38. Rh5 Bf7 39. Rh8+ Ke7 40.
Rxd8 Kxd8 41. g4 Kd7 42. h5 Kd6 43. h6 Ra8 44. Rxf7 Re8 45. h7 e5 46. g5 Ke6
47. Rf6+ Kd5 48. g6 a5 49. Bxa5 e4 50. g7 Kd4 51. h8=Q Re5 52. Bc3+ Kd5 53.
Bxe5 Kxe5 54. Rb6 Kd4 55. g8=Q+ Kd3 56. Qd5+ 1-0

[Event "ch-Paris op C"]
[Site "Paris (Halle Carpentier)"]
[Date "2008.07.02"]
[Round "5.49"]
[White "Le Cour, Valentin"]
[Black "Le Cour, Hugo"]
[Result "0-1"]
[WhiteElo "1020"]
[BlackElo "1130"]
[PlyCount "58"]
[EventDate "2008.06.28"]

1. e4 e5 2. Nf3 Nc6 3. d3 Nf6 4. Bg5 g6 5. d4 exd4 6. Nxd4 Bg7 7. Nxc6 bxc6 8.
Bc4 O-O 9. O-O Rb8 10. Bb3 Qe8 11. Nc3 d6 12. Qd4 Nd5 13. exd5 Bxd4 14. Bh6
Bxc3 15. bxc3 cxd5 16. Bxf8 Kxf8 17. Rae1 Qc6 18. Re2 Bb7 19. g4 Ba6 20. Re3
Bxf1 21. Kxf1 a5 22. Rd3 d4 23. Rxd4 Qh1+ 24. Ke2 Re8+ 25. Kd3 Qf3+ 26. Kd2
Re2+ 27. Kd1 Rxf2+ 28. Kc1 Qxc3 29. Kb1 Rf1+ 0-1

[Event "ch-Paris op C"]
[Site "Paris (Halle Carpentier)"]
[Date "2008.07.03"]
[Round "6.1"]
[White "Valencia, Gabriel"]
[Black "Baldi, Valentine"]
[Result "1-0"]
[WhiteElo "1499"]
[BlackElo "1480"]
[PlyCount "91"]
[EventDate "2008.06.28"]

1. d4 c6 2. c4 d5 3. Nf3 Bf5 4. Nc3 e6 5. Bf4 Bd6 6. Bxd6 Qxd6 7. Qb3 b6 8. c5
Qc7 9. cxb6 Qxb6 10. Qxb6 axb6 11. b4 Nf6 12. e3 Nbd7 13. Be2 O-O 14. O-O Rfe8
15. a4 h6 16. a5 bxa5 17. bxa5 Reb8 18. Ra2 Rb7 19. a6 Rba7 20. h3 Nb8 21. Rfa1
Nfd7 22. Ra5 Bg6 23. R1a3 Nf6 24. Na2 Ne8 25. Nb4 Nc7 26. Ne5 Ne8 27. Nexc6
Nxc6 28. Nxc6 Rc7 29. Rc5 Nd6 30. Nb4 Rd7 31. Bb5 Rdd8 32. Nc6 Rdc8 33. Ne7+
Kh7 34. Nxc8 Nxc8 35. Rxc8 Rxc8 36. a7 Rc1+ 37. Kh2 Bf5 38. a8=Q Rd1 39. Qb7
Bg6 40. Be8 h5 41. Bxf7 Bf5 42. Bxh5 Rc1 43. Ra7 Kh6 44. Qxg7+ Kxh5 45. g4+ Kh4
46. Qh6# 1-0

[Event "ch-Paris op C"]
[Site "Paris (Halle Carpentier)"]
[Date "2008.07.03"]
[Round "6.2"]
[White "Hassanaly, Ikbal"]
[Black "Larue, Daniel"]
[Result "1/2-1/2"]
[WhiteElo "1490"]
[BlackElo "1499"]
[PlyCount "57"]
[EventDate "2008.06.28"]

1. e4 c5 2. Nf3 e6 3. Nc3 Nc6 4. Bc4 a6 5. a4 Nf6 6. d3 d5 7. exd5 exd5 8. Qe2+
Be7 9. Ba2 O-O 10. O-O Re8 11. Bg5 Bg4 12. Qd1 Nd4 13. Bxf6 Nxf3+ 14. Kh1 Bxf6
15. gxf3 Bh3 16. Rg1 Bd4 17. Qd2 Qf6 18. f4 Bxc3 19. bxc3 d4 20. cxd4 cxd4 21.
Bd5 Re7 22. Rab1 Rb8 23. Rg3 Be6 24. Bg2 Kh8 25. Rb6 Qf5 26. a5 Bd5 27. f3 Rbe8
28. Bf1 Re1 29. Kg1 1/2-1/2

[Event "ch-Paris op C"]
[Site "Paris (Halle Carpentier)"]
[Date "2008.07.03"]
[Round "6.3"]
[White "Puyo, Elisabeth"]
[Black "Martin, Madge"]
[Result "0-1"]
[WhiteElo "1300"]
[BlackElo "1480"]
[PlyCount "64"]
[EventDate "2008.06.28"]

1. e4 e5 2. Nf3 Nc6 3. Bc4 Bc5 4. c3 Nf6 5. d4 exd4 6. cxd4 Bb4+ 7. Nc3 Nxe4 8.
O-O Nxc3 9. bxc3 d5 10. cxb4 dxc4 11. b5 Ne7 12. Qe2 O-O 13. Qxc4 Be6 14. Qd3
Nd5 15. Ba3 Re8 16. Rfe1 Qf6 17. Bc1 Bf5 18. Qd2 Re7 19. Ba3 Re4 20. Rxe4 Bxe4
21. Qg5 Qe6 22. Qe5 Qg6 23. Qg3 Qh6 24. Qg5 Qb6 25. Re1 Bxf3 26. gxf3 Qa5 27.
Qc1 Qxb5 28. Kg2 Qa5 29. Re5 f6 30. Re6 g5 31. Qc5 Qxc5 32. dxc5 Nf4+ 0-1

[Event "ch-Paris op C"]
[Site "Paris (Halle Carpentier)"]
[Date "2008.07.03"]
[Round "6.4"]
[White "Souchaud, Raymond"]
[Black "Pallandre, Christian"]
[Result "0-1"]
[WhiteElo "1480"]
[BlackElo "1440"]
[PlyCount "66"]
[EventDate "2008.06.28"]

1. Nf3 e6 2. d4 d5 3. Nc3 Bb4 4. Bd2 Nf6 5. a3 Be7 6. e3 O-O 7. Bd3 c5 8. b3
cxd4 9. Nxd4 Nc6 10. Nxc6 bxc6 11. O-O Rb8 12. Re1 Qb6 13. b4 Ba6 14. Na4 Qb7
15. Qe2 Bxd3 16. cxd3 Qc7 17. d4 Ne4 18. Bc1 f5 19. f3 Bh4 20. fxe4 Bxe1 21.
Qxe1 fxe4 22. Nc5 Qe7 23. Bd2 Rf7 24. Qe2 Rbf8 25. b5 Rf2 26. Qxf2 Rxf2 27.
Kxf2 e5 28. Nb3 exd4 29. Nxd4 cxb5 30. Nxb5 Qf6+ 31. Kg3 Qxa1 32. Bb4 a6 33.
Nc7 Qe5+ 0-1

[Event "ch-Paris op C"]
[Site "Paris (Halle Carpentier)"]
[Date "2008.07.03"]
[Round "6.5"]
[White "Buchner, David"]
[Black "Vega-Ritter, Isabelle"]
[Result "1-0"]
[WhiteElo "1340"]
[BlackElo "1469"]
[PlyCount "137"]
[EventDate "2008.06.28"]

1. e4 e5 2. Bc4 Bc5 3. Nf3 Nc6 4. b4 Bxb4 5. c3 Bc5 6. d4 exd4 7. cxd4 Bb6 8.
Qb3 Qf6 9. Bg5 Qg6 10. Nc3 Nxd4 11. Nxd4 Bxd4 12. Bd2 Bxc3 13. Qxc3 Nf6 14. O-O
O-O 15. f3 d6 16. Bd3 Bh3 17. Rf2 Nh5 18. e5 Bf5 19. Bxf5 Qxf5 20. g4 Qg6 21.
Rg2 dxe5 22. gxh5 Qxh5 23. f4 Rae8 24. Re1 f6 25. Qxc7 Rf7 26. Qc5 Rfe7 27. Bb4
Rd7 28. Qb5 Red8 29. Rge2 Qg4+ 30. Rg2 Qf3 31. fxe5 Rd1 32. Qf1 Rxe1 33. Bxe1
Qe3+ 34. Qf2 Qxe5 35. Qe2 Qc5+ 36. Qf2 Qe5 37. Qg3 Qc5+ 38. Kh1 g5 39. h3 Re8
40. Qf3 Qe5 41. Bd2 Qa1+ 42. Kh2 Qe5+ 43. Qg3 Qf5 44. h4 h6 45. hxg5 hxg5 46.
Rf2 Qh7+ 47. Kg2 Qe4+ 48. Qf3 Qxf3+ 49. Kxf3 Re5 50. Kg4 Kg7 51. Bc3 Re4+ 52.
Kf5 Rf4+ 53. Rxf4 gxf4 54. Bxf6+ Kf7 55. Bd4 a6 56. Kxf4 Ke6 57. Ke4 Kd6 58.
Kd3 Kd5 59. Kc3 b6 60. Bxb6 Kc6 61. Ba5 Kd5 62. Kb4 Kc6 63. Bd8 Kd5 64. a3 Kc6
65. Be7 Kb7 66. Ka5 Ka7 67. Bc5+ Kb7 68. Bb6 Kc6 69. Kxa6 1-0

[Event "ch-Paris op C"]
[Site "Paris (Halle Carpentier)"]
[Date "2008.07.03"]
[Round "6.6"]
[White "Martin, Didier"]
[Black "Fleurimont, Thierry"]
[Result "0-1"]
[WhiteElo "1400"]
[BlackElo "1450"]
[PlyCount "122"]
[EventDate "2008.06.28"]

1. c4 e5 2. e4 Nc6 3. d3 Bc5 4. Nf3 d6 5. h3 Be6 6. Be3 Bxe3 7. fxe3 Nf6 8. Be2
Nh5 9. Nc3 a6 10. Qd2 b5 11. Nd5 bxc4 12. dxc4 Bxd5 13. cxd5 Ne7 14. O-O O-O
15. Ng5 Ng3 16. Rf2 f6 17. Ne6 Nxe4 18. Qe1 Qb8 19. Rf1 Rf7 20. b3 Nxd5 21. Bf3
f5 22. Bxe4 fxe4 23. Rxf7 Kxf7 24. Ng5+ Kg8 25. Nxe4 Qb6 26. Qh4 Qxe3+ 27. Kh2
Rf8 28. Kh1 Nf4 29. Ng5 h6 30. Nf3 Qe2 31. Qg4 Nxg2 32. Qe6+ Kh7 33. Ng1 Qe4
34. Kh2 Nf4 35. Qg4 Qc2+ 36. Kh1 Nd3 37. Qe4+ Kh8 38. Qe2 Nf2+ 39. Kg2 Qg6+ 40.
Kh2 Qf5 41. Rf1 Ng4+ 42. Kg2 Ne3+ 43. Qxe3 Qxf1+ 44. Kh1 Rf2 45. Qg3 Rxa2 46.
Qg4 Ra1 47. h4 e4 48. Qg3 Qf3+ 49. Qg2 Qxg2+ 50. Kxg2 g6 51. Ne2 d5 52. Kf2 c6
53. Ke3 Rd1 54. Nd4 Rd3+ 55. Kf4 c5 56. Ke5 cxd4 57. Kxd5 e3 58. b4 e2 59. Kc5
e1=Q 60. Kb6 Qxb4+ 61. Kxa6 Ra3# 0-1

[Event "ch-Paris op C"]
[Site "Paris (Halle Carpentier)"]
[Date "2008.07.03"]
[Round "6.7"]
[White "Elzoghlami, Mehdi"]
[Black "Hargoues-Turon, Emile"]
[Result "1-0"]
[WhiteElo "1500"]
[BlackElo "1350"]
[PlyCount "37"]
[EventDate "2008.06.28"]

1. e4 e5 2. Nf3 Nc6 3. Bb5 f5 4. d3 a6 5. Ba4 f4 6. O-O Be7 7. Bxc6 dxc6 8.
Nxe5 h5 9. Bxf4 Qd4 10. c3 Qd8 11. Qf3 Nf6 12. Nd2 Be6 13. Ng6 Rg8 14. Nxe7
Qxe7 15. Bg5 O-O-O 16. e5 Bg4 17. exf6 Bxf3 18. fxe7 Rxd3 19. Nxf3 1-0

[Event "ch-Paris op C"]
[Site "Paris (Halle Carpentier)"]
[Date "2008.07.03"]
[Round "6.8"]
[White "Keller, Jean"]
[Black "Morgan, Jacques"]
[Result "1-0"]
[WhiteElo "1499"]
[BlackElo "1370"]
[PlyCount "121"]
[EventDate "2008.06.28"]

1. c4 Nf6 2. d4 c6 3. Nf3 d5 4. cxd5 cxd5 5. Nc3 e6 6. e3 Bb4 7. Bb5+ Bd7 8.
Qa4 Ba5 9. Ne5 O-O 10. O-O Bxb5 11. Qxb5 Qc7 12. Qb3 Nc6 13. Rd1 Nxe5 14. dxe5
Qxe5 15. Bd2 Ng4 16. g3 Qf5 17. Be1 Qh5 18. h4 Rab8 19. Rd4 Bb6 20. Ra4 Ne5 21.
Qd1 Qf5 22. Kg2 Ng4 23. Rxg4 Rbd8 24. Nb5 e5 25. Bc3 a6 26. Na3 d4 27. exd4
exd4 28. Bd2 d3 29. Qf3 Qxf3+ 30. Kxf3 Rfe8 31. Rd1 Re2 32. Be3 Bxe3 33. fxe3
Rxb2 34. Rd4 Rxd4 35. exd4 Rxa2 36. Rxd3 Kf8 37. d5 Ke8 38. d6 Kd7 39. Nc4 f6
40. Re3 Rc2 41. Re7+ Kd8 42. Nb6 Rc6 43. Rd7+ Ke8 44. Re7+ Kd8 45. Rxg7 Rxb6
46. Rxh7 a5 47. h5 a4 48. h6 a3 49. Rh8+ Kd7 50. h7 a2 51. Rd8+ Kxd8 52. h8=Q+
Kd7 53. Qxf6 Rb1 54. Qe7+ Kc6 55. Qc7+ Kb5 56. Qxb7+ Kc5 57. Qa7+ Kxd6 58. Qxa2
Rf1+ 59. Kg2 Rf6 60. g4 Ke5 61. Kg3 1-0

[Event "ch-Paris op C"]
[Site "Paris (Halle Carpentier)"]
[Date "2008.07.03"]
[Round "6.9"]
[White "Hermez, Mohammed"]
[Black "Trocme, Jacques"]
[Result "1-0"]
[WhiteElo "1400"]
[BlackElo "1480"]
[PlyCount "141"]
[EventDate "2008.06.28"]

1. e4 d6 2. d4 e6 3. Nf3 h6 4. Bd3 b6 5. O-O Bb7 6. Re1 Nd7 7. d5 e5 8. Bb5 a6
9. Ba4 b5 10. Bb3 Nc5 11. c4 Nxb3 12. Qxb3 c6 13. cxb5 cxb5 14. a4 Qd7 15. axb5
Qxb5 16. Qxb5+ axb5 17. Rxa8+ Bxa8 18. Bd2 Nf6 19. Nc3 Be7 20. Nxb5 O-O 21. Bb4
Rd8 22. Nd2 Ne8 23. Ra1 f5 24. f3 f4 25. Ra7 Kf8 26. Ra6 Rb8 27. Bxd6 Rxb5 28.
Bxe7+ Kxe7 29. Rxa8 Rxb2 30. Nc4 Rb1+ 31. Kf2 Rc1 32. Nd2 Kd7 33. g3 fxg3+ 34.
hxg3 h5 35. f4 exf4 36. gxf4 h4 37. Ra3 Nf6 38. Rh3 Rc2 39. Ke1 Rc1+ 40. Ke2
Rc2 41. Kd3 Ra2 42. Rxh4 Ra3+ 43. Kc2 Ra2+ 44. Kc1 Ra1+ 45. Kb2 Ra8 46. f5 Rb8+
47. Kc3 Ra8 48. Nc4 Ra1 49. Ne5+ Kd6 50. Kd4 Rd1+ 51. Nd3 Ra1 52. e5+ Kc7 53.
d6+ Kd7 54. Nc5+ Kc6 55. exf6 Rd1+ 56. Nd3 gxf6 57. d7 Kxd7 58. Rh7+ Kd6 59.
Rf7 Rf1 60. Rxf6+ Ke7 61. Ke5 Rf3 62. Re6+ Kf7 63. Nc5 Re3+ 64. Kf4 Rxe6 65.
fxe6+ Kf6 66. Ke4 Ke7 67. Ke5 Ke8 68. Kf6 Kf8 69. Nd7+ Ke8 70. e7 Kxd7 71. Kf7
1-0

[Event "ch-Paris op C"]
[Site "Paris (Halle Carpentier)"]
[Date "2008.07.03"]
[Round "6.10"]
[White "Segarra, Rene"]
[Black "Pierre, Laurent"]
[Result "1/2-1/2"]
[WhiteElo "1380"]
[BlackElo "1440"]
[PlyCount "64"]
[EventDate "2008.06.28"]

1. f4 d6 2. e3 Nc6 3. Nf3 Bg4 4. Be2 h6 5. h3 Bd7 6. c3 Nf6 7. d3 g6 8. Na3 a6
9. Bd2 Bg7 10. Nc2 Nh5 11. Kf2 O-O 12. Nh2 Nf6 13. Rf1 e5 14. Kg1 e4 15. d4 Ne7
16. Rb1 c6 17. Ng4 Qc8 18. Nxf6+ Bxf6 19. Kh2 d5 20. Qe1 Qc7 21. Qf2 b5 22. a3
Nf5 23. Na1 Be7 24. b4 a5 25. Rb2 a4 26. g3 Kg7 27. Qg2 Rh8 28. Nc2 Rag8 29.
Bg4 Nd6 30. Be2 f5 31. Rg1 h5 32. h4 Qc8 1/2-1/2

[Event "ch-Paris op C"]
[Site "Paris (Halle Carpentier)"]
[Date "2008.07.03"]
[Round "6.11"]
[White "Sriskantharajah, Niroshan"]
[Black "Bogdanovsky, Sonia"]
[Result "0-1"]
[WhiteElo "1370"]
[BlackElo "1420"]
[PlyCount "102"]
[EventDate "2008.06.28"]

1. d4 Nf6 2. c4 g6 3. Nc3 d5 4. Nf3 Bg7 5. e3 O-O 6. cxd5 Nxd5 7. e4 Nxc3 8.
bxc3 c5 9. Bb2 Bg4 10. Be2 Bxf3 11. Bxf3 cxd4 12. cxd4 Qa5+ 13. Ke2 Qb5+ 14.
Qd3 Qxd3+ 15. Kxd3 Nc6 16. Rab1 Rfd8 17. e5 Nxe5+ 18. Ke3 Nxf3 19. gxf3 b6 20.
h4 Rd6 21. h5 Rad8 22. Rbd1 e5 23. hxg6 fxg6 24. Rh4 exd4+ 25. Bxd4 Bxd4+ 26.
Rdxd4 Rxd4 27. Rxd4 Rxd4 28. Kxd4 h5 29. Ke4 Kf7 30. f4 Kf6 31. a4 h4 32. Kf3
Kf5 33. Kg2 Kxf4 34. f3 g5 35. Kf2 h3 36. Kg1 Kxf3 37. Kh2 g4 38. Kh1 g3 39. a5
b5 40. a6 b4 41. Kg1 b3 42. Kf1 h2 43. Ke1 h1=Q+ 44. Kd2 Qa1 45. Kd3 Qxa6+ 46.
Kd4 Qd6+ 47. Kc3 Qd5 48. Kb2 Qd4+ 49. Kc1 Qf2 50. Kd1 g2 51. Kc1 g1=Q# 0-1

[Event "ch-Paris op C"]
[Site "Paris (Halle Carpentier)"]
[Date "2008.07.03"]
[Round "6.12"]
[White "Bouriot, Florence"]
[Black "Terradot, Francois"]
[Result "0-1"]
[WhiteElo "1280"]
[BlackElo "1420"]
[PlyCount "44"]
[EventDate "2008.06.28"]

1. d4 d5 2. Nf3 Bg4 3. e3 e6 4. Bd3 Nf6 5. Nbd2 Nc6 6. c3 Bd6 7. O-O O-O 8. Re1
e5 9. e4 Re8 10. Qc2 g6 11. h3 Bxf3 12. Nxf3 a6 13. Bg5 Be7 14. dxe5 Nd7 15.
exd5 Ncxe5 16. Nxe5 Nxe5 17. Bxe7 Rxe7 18. f4 Nxd3 19. Qxd3 Qe8 20. c4 Rxe1+
21. Rxe1 Qxe1+ 22. Kh2 Re8 0-1

[Event "ch-Paris op C"]
[Site "Paris (Halle Carpentier)"]
[Date "2008.07.03"]
[Round "6.13"]
[White "Benhaim, Louis"]
[Black "Portier, Pierre"]
[Result "0-1"]
[WhiteElo "1340"]
[BlackElo "1499"]
[PlyCount "72"]
[EventDate "2008.06.28"]

1. d4 d5 2. Nf3 Nf6 3. c4 e6 4. Nc3 Nbd7 5. Bg5 c5 6. e3 cxd4 7. exd4 Be7 8.
Be2 O-O 9. O-O a6 10. Re1 dxc4 11. Bxc4 Nb6 12. Bb3 Nbd7 13. Bc2 Re8 14. d5 Nf8
15. Bb3 h6 16. Bh4 Ng6 17. dxe6 Bxe6 18. Bxe6 Qxd1 19. Bxf7+ Kxf7 20. Raxd1
Nxh4 21. Nxh4 g6 22. Nd5 Nxd5 23. Rxd5 Bxh4 24. g3 Rxe1+ 25. Kg2 Bf6 26. Rd7+
Re7 27. Rd2 Rae8 28. b3 Re2 29. Rd7+ R8e7 30. Rd3 Rxa2 31. Kf3 b5 32. h4 h5 33.
Rd6 Ra3 34. Kg2 Rxb3 35. Rxa6 Rb7 36. Ra1 Bxa1 0-1

[Event "ch-Paris op C"]
[Site "Paris (Halle Carpentier)"]
[Date "2008.07.03"]
[Round "6.14"]
[White "Samy, Valerie"]
[Black "Antoni, Marc"]
[Result "1-0"]
[WhiteElo "1499"]
[BlackElo "1370"]
[PlyCount "41"]
[EventDate "2008.06.28"]

1. e4 b6 2. d4 Bb7 3. Nc3 e6 4. Bd2 Nf6 5. Bd3 Nc6 6. Nf3 Nb4 7. Ng5 Nxd3+ 8.
cxd3 Be7 9. h4 h6 10. Nf3 O-O 11. Bxh6 gxh6 12. Ne5 d6 13. Ng4 Nxg4 14. Qxg4+
Kh7 15. Ne2 e5 16. Ng3 Rg8 17. Qf5+ Rg6 18. h5 Bc8 19. hxg6+ fxg6 20. Qf7+ Kh8
21. Rxh6# 1-0

[Event "ch-Paris op C"]
[Site "Paris (Halle Carpentier)"]
[Date "2008.07.03"]
[Round "6.15"]
[White "Combet, Pierre"]
[Black "Adjaj, Benjamin"]
[Result "1-0"]
[WhiteElo "1370"]
[BlackElo "1470"]
[PlyCount "77"]
[EventDate "2008.06.28"]

1. c4 e5 2. Nc3 Nf6 3. g3 c6 4. Nf3 Qc7 5. e4 Bb4 6. d3 d5 7. cxd5 cxd5 8. Qb3
Bxc3+ 9. bxc3 dxe4 10. Ng5 exd3 11. Bxd3 h6 12. Bb5+ Bd7 13. Qxf7+ Kd8 14. O-O
hxg5 15. Qxg7 Ne8 16. Bxg5+ Kc8 17. Bxd7+ Qxd7 18. Qxh8 Nc6 19. Rad1 Qe6 20.
Rd2 Kc7 21. Qh7+ Kb6 22. Rb1+ Ka5 23. Qd3 Nc7 24. Rdb2 e4 25. Qd2 b6 26. c4+
Ka6 27. c5 Rb8 28. Qe2+ b5 29. Qe3 Qe5 30. Qa3+ Na5 31. Bf4 Qe7 32. Bxc7 Qxc7
33. Rc1 Qc6 34. Rd1 Qc7 35. Rd6+ Kb7 36. Rxb5+ Kc8 37. Rxb8+ Kxb8 38. Qb4+ Kc8
39. Rf6 1-0

[Event "ch-Paris op C"]
[Site "Paris (Halle Carpentier)"]
[Date "2008.07.03"]
[Round "6.16"]
[White "Roux, Jean-Marie"]
[Black "Fouliard, Matthieu"]
[Result "1-0"]
[WhiteElo "1470"]
[BlackElo "1330"]
[PlyCount "91"]
[EventDate "2008.06.28"]

1. e4 e5 2. Nf3 Nf6 3. Nc3 Nc6 4. Bc4 Nxe4 5. Nxe4 d5 6. Bd3 dxe4 7. Bxe4 Bb4
8. c3 Bc5 9. d3 O-O 10. O-O h6 11. Bxc6 bxc6 12. Nxe5 Bb7 13. d4 Re8 14. Bf4
Bd6 15. Qg4 g5 16. Rfe1 Qf6 17. Be3 Bxe5 18. dxe5 Rxe5 19. h4 Rae8 20. Kh2 Qg6
21. hxg5 f5 22. Qd1 f4 23. Qb3+ Kh7 24. Qxb7 fxe3 25. Rxe3 Rxe3 26. fxe3 Rxe3
27. Qxc7+ Qg7 28. Qxg7+ Kxg7 29. gxh6+ Kxh6 30. a4 a5 31. Rd1 Re6 32. Rd4 Re2
33. b4 axb4 34. cxb4 Ra2 35. a5 Kg5 36. Rc4 Ra4 37. Kh3 Ra3+ 38. g3 Ra4 39. g4
c5 40. Rxc5+ Kg6 41. Rc4 Kg5 42. Kg3 Kg6 43. Kf4 Kf6 44. g5+ Kg6 45. Rc6+ Kh5
46. Rh6# 1-0

[Event "ch-Paris op C"]
[Site "Paris (Halle Carpentier)"]
[Date "2008.07.03"]
[Round "6.17"]
[White "Zodros, Denis"]
[Black "Siaugues, Jean-Claude"]
[Result "1-0"]
[WhiteElo "1470"]
[BlackElo "1370"]
[PlyCount "121"]
[EventDate "2008.06.28"]

1. e4 e6 2. Nc3 d5 3. d4 c5 4. Nf3 Nc6 5. Be3 Qb6 6. a3 Bd7 7. Be2 cxd4 8. Nxd4
Nxd4 9. Bxd4 Bc5 10. Bxc5 Qxc5 11. exd5 exd5 12. b4 Qc6 13. Nxd5 Be6 14. Bf3
O-O-O 15. Ne7+ Nxe7 16. Bxc6 Rxd1+ 17. Rxd1 Nxc6 18. O-O Re8 19. Rfe1 Rd8 20.
Rc1 Rd7 21. c4 Rd3 22. Re3 Rxe3 23. fxe3 Ne5 24. c5 Kc7 25. h3 a6 26. Kh2 Nc4
27. Rc3 Ne5 28. Kg3 h5 29. Kh4 g6 30. e4 Kc6 31. Kg5 Kb5 32. Kf6 Nd7+ 33. Ke7
Kc6 34. Rf3 Ne5 35. Rf6 Nd7 36. Rxe6+ fxe6 37. Kxe6 b6 38. cxb6 Nxb6 39. Kf6
Nc4 40. Kxg6 Kd6 41. Kxh5 Nxa3 42. g4 Ke5 43. g5 Nc4 44. Kh6 Nd6 45. g6 Nxe4
46. Kh7 Nf6+ 47. Kh6 Kf5 48. h4 Ng8+ 49. Kg7 Nf6 50. Kf7 Nh5 51. g7 Nf6 52.
g8=Q Nxg8 53. Kxg8 Kg6 54. Kf8 Kh5 55. Ke7 Kxh4 56. Kd6 Kg5 57. Kc6 Kf6 58. Kb6
Ke6 59. Kxa6 Kd7 60. b5 Kc7 61. Ka7 1-0

[Event "ch-Paris op C"]
[Site "Paris (Halle Carpentier)"]
[Date "2008.07.03"]
[Round "6.18"]
[White "Paillet, Raymond"]
[Black "Guerlach, Keigo"]
[Result "0-1"]
[WhiteElo "1320"]
[BlackElo "1440"]
[PlyCount "70"]
[EventDate "2008.06.28"]

1. e4 e5 2. Nf3 Nf6 3. Nc3 Bb4 4. Nd5 Nxd5 5. exd5 e4 6. Qe2 O-O 7. Qxe4 Re8 8.
Ne5 Bd6 9. d4 f6 10. Bf4 fxe5 11. Bxe5 Bxe5 12. dxe5 Qe7 13. f4 Qf7 14. Bc4 d6
15. e6 Qf6 16. O-O-O Nd7 17. Rd3 Nc5 18. Qd4 Nxd3+ 19. Qxd3 Qxf4+ 20. Kb1 Rf8
21. e7 Re8 22. Rf1 Rxe7 23. b3 Qe3 24. Qd1 Rf7 25. Re1 Bg4 26. Be2 Bxe2 27.
Rxe2 Qc3 28. Qc1 Raf8 29. Re3 Qb4 30. c3 Qb5 31. Qd2 Rf1+ 32. Kb2 R1f2 33. Kc1
Rxd2 34. c4 Qb4 35. a3 Rf1+ 0-1

[Event "ch-Paris op C"]
[Site "Paris (Halle Carpentier)"]
[Date "2008.07.03"]
[Round "6.19"]
[White "Zeitoun, Maxime"]
[Black "Lamure, Pierre-Louis"]
[Result "0-1"]
[WhiteElo "1400"]
[BlackElo "1290"]
[PlyCount "50"]
[EventDate "2008.06.28"]

1. d4 d5 2. c4 e6 3. Nc3 Nf6 4. Bg5 Nbd7 5. e3 Bb4 6. Qc2 c6 7. Bd3 O-O 8. Nf3
Qa5 9. O-O Bxc3 10. bxc3 dxc4 11. Bxc4 Nd5 12. Bxd5 exd5 13. Rfe1 Nb6 14. Nd2
Re8 15. e4 Be6 16. Re2 h6 17. Bh4 dxe4 18. Nxe4 Bf5 19. Rae1 Kf8 20. Bg3 Re6
21. Bd6+ Kg8 22. Bc5 Nd5 23. c4 Bxe4 24. Rxe4 Qxe1+ 25. Rxe1 Rxe1# 0-1

[Event "ch-Paris op C"]
[Site "Paris (Halle Carpentier)"]
[Date "2008.07.03"]
[Round "6.20"]
[White "Khechab, Michel"]
[Black "Fattaccini, Paul-Andre"]
[Result "1-0"]
[WhiteElo "1390"]
[BlackElo "1199"]
[PlyCount "79"]
[EventDate "2008.06.28"]

1. e4 d5 2. exd5 Nf6 3. Bc4 c6 4. dxc6 Nxc6 5. h3 e5 6. Qe2 Bc5 7. Nc3 Qc7 8.
Nf3 Bf5 9. d3 O-O-O 10. Bxf7 Qxf7 11. O-O Rhg8 12. Nxe5 Qe6 13. Bf4 g5 14. Bg3
Bd4 15. Nxc6 Qxc6 16. Qd2 g4 17. h4 Nh5 18. Ne2 Rde8 19. Nxd4 Qd7 20. Qc3+ Kd8
21. Nxf5 Nxg3 22. Nxg3 h5 23. Rfe1 Ref8 24. Re5 Qf7 25. Rf5 Qe6 26. Re1 Qd7 27.
Ree5 Rxf5 28. Rxf5 Rg6 29. Rg5 Rxg5 30. hxg5 h4 31. Ne4 h3 32. g3 Qh7 33. Qf6+
Ke8 34. Nd6+ Kd7 35. Qf7+ Qxf7 36. Nxf7 Ke6 37. Nh6 a5 38. a4 b6 39. c3 Kd5 40.
g6 1-0

[Event "ch-Paris op C"]
[Site "Paris (Halle Carpentier)"]
[Date "2008.07.03"]
[Round "6.21"]
[White "Lefort, Sophie"]
[Black "Roque, Gaetan"]
[Result "1-0"]
[WhiteElo "1199"]
[BlackElo "1380"]
[PlyCount "71"]
[EventDate "2008.06.28"]

1. e4 c6 2. d4 d5 3. Nc3 dxe4 4. Nxe4 Nf6 5. Ng5 g6 6. Bc4 e6 7. N1f3 Bg7 8.
Ne5 O-O 9. Bf4 Ne8 10. Qd2 f6 11. Nxe6 Bxe6 12. Bxe6+ Kh8 13. Nf7+ Rxf7 14.
Bxf7 Qe7+ 15. Qe3 Qxf7 16. O-O Na6 17. a3 Nec7 18. Rfe1 Nd5 19. Qf3 Nxf4 20.
Qxf4 Rd8 21. c3 Bf8 22. Re3 Qg7 23. Rae1 Qf7 24. Qh4 Nc7 25. Rf3 Bg7 26. Rh3
Bf8 27. Rf3 Be7 28. Qf4 Rd5 29. Qxc7 Rb5 30. Qxe7 Qa2 31. Qe8+ Kg7 32. Qd7+ Kh6
33. Rh3+ Kg5 34. f4+ Kxf4 35. Rh4+ Kg5 36. Qg4# 1-0

[Event "ch-Paris op C"]
[Site "Paris (Halle Carpentier)"]
[Date "2008.07.03"]
[Round "6.22"]
[White "Etienne, Yannick"]
[Black "Weintraub, Richard"]
[Result "0-1"]
[WhiteElo "1190"]
[BlackElo "1470"]
[PlyCount "52"]
[EventDate "2008.06.28"]

1. e4 e6 2. d4 d5 3. Nc3 Bb4 4. a3 Bxc3+ 5. bxc3 dxe4 6. Qg4 Qf6 7. Qxe4 Ne7 8.
Nf3 Nd7 9. Bd3 Nd5 10. Bg5 Qg6 11. Qxg6 hxg6 12. c4 N5f6 13. O-O c6 14. Rfe1 b6
15. c3 Bb7 16. Ne5 Nxe5 17. Rxe5 Ng4 18. Rxe6+ fxe6 19. Bxg6+ Kd7 20. h3 Nf6
21. Re1 Raf8 22. Bf5 exf5 23. f4 Re8 24. Rd1 Ne4 25. c5 b5 26. Rc1 Nxg5 0-1

[Event "ch-Paris op C"]
[Site "Paris (Halle Carpentier)"]
[Date "2008.07.03"]
[Round "6.23"]
[White "Dean, Pietro"]
[Black "Lutard, Florian"]
[Result "0-1"]
[WhiteElo "1440"]
[BlackElo "1370"]
[PlyCount "82"]
[EventDate "2008.06.28"]

1. e4 c5 2. Nf3 d6 3. d4 cxd4 4. Nxd4 Nc6 5. Nc3 g6 6. Bd3 Nxd4 7. Be3 Nc6 8.
a3 Bg7 9. O-O Nf6 10. f3 O-O 11. Qd2 Ne5 12. Be2 Bd7 13. b3 Rc8 14. Nd5 Nxd5
15. exd5 Bf5 16. Rac1 a6 17. g4 Bd7 18. a4 Qc7 19. c4 Rfe8 20. Qd1 Rb8 21. f4
Nxg4 22. Bxg4 Bxg4 23. Qxg4 b5 24. cxb5 Qa5 25. Rc4 axb5 26. axb5 Qxb5 27. f5
Qxb3 28. fxg6 Qxe3+ 29. Kh1 hxg6 30. h4 Rb3 31. Rc2 Qh3+ 32. Qxh3 Rxh3+ 33. Kg2
Rxh4 34. Kg3 Rd4 35. Rcf2 Bf6 36. Kf3 Rxd5 37. Ke4 Re5+ 38. Kd3 Ra8 39. Rxf6
exf6 40. Rxf6 g5 41. Rxd6 g4 0-1

[Event "ch-Paris op C"]
[Site "Paris (Halle Carpentier)"]
[Date "2008.07.03"]
[Round "6.24"]
[White "Leconte, Nicolas"]
[Black "Cohen-Codar, Isabelle"]
[Result "1-0"]
[WhiteElo "1410"]
[BlackElo "1180"]
[PlyCount "61"]
[EventDate "2008.06.28"]

1. d4 e6 2. Nf3 f5 3. Bf4 b6 4. c3 Be7 5. e3 Nf6 6. Bd3 O-O 7. Nbd2 Nc6 8. Qe2
d6 9. O-O-O Qe8 10. h3 Nd5 11. Rdg1 Ncb4 12. cxb4 Qa4 13. a3 Nc3 14. bxc3 Qxa3+
15. Kc2 Bd7 16. Ra1 Ba4+ 17. Kb1 Qxc3 18. Rxa4 Qc6 19. Bb5 Qc3 20. Qd3 Qxd3+
21. Bxd3 a6 22. Rxa6 Rac8 23. Ra7 Ra8 24. Rxc7 Ra4 25. Rxe7 Rfa8 26. Kc2 Rxb4
27. Bxd6 Rba4 28. Bc4 Rc8 29. Rc7 Re8 30. Rb7 h6 31. Bb5 1-0

[Event "ch-Paris op C"]
[Site "Paris (Halle Carpentier)"]
[Date "2008.07.03"]
[Round "6.25"]
[White "Delhy, Jacques"]
[Black "Minot, Barbara"]
[Result "1/2-1/2"]
[WhiteElo "1320"]
[BlackElo "1400"]
[PlyCount "48"]
[EventDate "2008.06.28"]

1. d4 d6 2. e4 Nf6 3. Nc3 g6 4. f3 Bg7 5. Be3 O-O 6. Qd2 c5 7. O-O-O a6 8. dxc5
Be6 9. cxd6 exd6 10. Qxd6 Nbd7 11. Qb4 Qc7 12. Bd3 Rfd8 13. Nge2 Bf8 14. Qa4
Nc5 15. Bxc5 Bxc5 16. Nd5 Nxd5 17. exd5 Bxd5 18. Nc3 b5 19. Nxd5 Be3+ 20. Kb1
Rxd5 21. Qb3 Rad8 22. Be2 Bd2 23. h4 a5 24. Bxb5 Qb6 1/2-1/2